[Event "39th WCh U20 Girls"]
[Site "Mexico City MEX"]
[Date "2023.09.30"]
[Round "10.2"]
[White "Yip, Carissa"]
[Black "Francisco, Candela"]
[Result "1/2-1/2"]
[WhiteElo "2372"]
[BlackElo "2345"]
[EventDate "2023.09.21"]
[PlyCount "178"]

1.e4 e5 2.Nf3 Nc6 3.Bb5 g6 4.c3 a6 5.Ba4 Bg7 6.d4 exd4 7.cxd4 b5 8.Bc2 d6 
9.h3 Nf6 10.Nc3 Bb7 11.O-O O-O 12.Bg5 h6 13.Bh4 Ne7 14.Re1 g5 15.Bg3 Nh5 
16.Bh2 Ng6 17.Ne2 Re8 18.d5 Bxb2 19.Rb1 Bg7 20.a4 Bc8 21.Ned4 Nhf4 22.Qd2 
Qf6 23.axb5 axb5 24.Bd3 Ne5 25.Bxf4 Nxd3 26.Bxg5 hxg5 27.Qxd3 g4 28.hxg4 
Bxg4 29.Nxb5 Ra2 30.Qb3 Rea8 31.Re3 Ra1 32.Ree1 R1a2 33.Qe3 Rc2 34.Nfd4 
Rc4 35.Nc6 Rc2 36.Nbd4 Rc4 37.Nb5 Rc2 38.Nxc7 Raa2 39.Nb4 Qxf2+ 40.Qxf2 
Rxf2 41.Nxa2 Rxa2 42.Rb8+ Kh7 43.Ne8 Bd4+ 44.Kh1 Ra6 45.Rb7 Bh5 46.Rf1 Bg6
47.Nc7 Ra4 48.Ne6 Be5 49.Ng5+ Kh6 50.Nxf7+ Bxf7 51.Rbxf7 Rxe4 52.Rd1 Kg5 
53.Rf3 Kg4 54.Kg1 Bg3 55.Kf1 Bh4 56.Rfd3 Rf4+ 57.Kg1 Bg3 58.R1d2 Kh4 59.
Rc2 Re4 60.Rc1 Kg4 61.Rdc3 Re2 62.Rd3 Re4 63.Rf1 Rc4 64.Rxg3+ Kxg3 65.Rf3+
Kg4 66.Rf6 Rc1+ 67.Kh2 Rc8 68.Rxd6 Rh8+ 69.Kg1 Kf5 70.Rd7 Ke5 71.g3 Rg8 
72.Kg2 Rf8 73.d6 Ke6 74.Re7+ Kxd6 75.Re3 Kd5 76.g4 Kd4 77.Re1 Kd5 78.Kg3 
Rg8 79.Re3 Kd6 80.Re2 Kd5 81.Re1 Kd6 82.Re4 Kd5 83.Kf3 Rf8+ 84.Rf4 Rg8 85.
Rf6 Ke5 86.Rh6 Rf8+ 87.Kg3 Rf6 88.Rh7 Rf1 89.Ra7 Kf6 1/2-1/2

[Event "39th WCh U20 Girls"]
[Site "Mexico City MEX"]
[Date "2023.09.30"]
[Round "10.3"]
[White "Kanyamarala, Trisha"]
[Black "Hernandez Gil, Ineymig"]
[Result "1-0"]
[WhiteElo "2184"]
[BlackElo "2170"]
[EventDate "2023.09.21"]
[PlyCount "203"]

1.d4 d5 2.c4 e6 3.Nc3 Nf6 4.cxd5 exd5 5.Bg5 Be6 6.Qb3 Nbd7 7.Nf3 h6 8.Bh4 
c5 9.e3 c4 10.Qc2 b5 11.Bxf6 Nxf6 12.Nxb5 Qb6 13.Nc3 Bf5 14.Qa4+ Bd7 15.
Qc2 Rb8 16.Rb1 g6 17.Be2 Bb4 18.O-O O-O 19.e4 dxe4 20.Ne5 Bf5 21.Nxc4 Qxd4
22.Rbd1 Qc5 23.Qd2 Be6 24.Ne3 Rfc8 25.Rc1 Bxa2 26.Ng4 Qe7 27.Qxh6 Be6 28.
Nxf6+ Qxf6 29.Nxe4 Qxb2 30.Rxc8+ Rxc8 31.Bf3 Bf8 32.Qh4 Bg7 33.h3 a5 34.
Ng5 Bc4 35.Rd1 a4 36.Bg4 Rb8 37.Bd7 Qb3 38.Rc1 a3 39.Rxc4 Qd1+ 40.Kh2 Qxd7
41.Ra4 Be5+ 42.f4 Bb2 43.Qh7+ Kf8 44.Rxa3 Qf5 45.Ra4 Bg7 46.Qh4 Qd7 47.Re4
Re8 48.Rb4 Qe7 49.Rc4 Kg8 50.Qg4 Bf6 51.Nf3 Qe6 52.Qxe6 Rxe6 53.g4 Re3 54.
Kg2 Kg7 55.g5 Bb2 56.Kf2 Rb3 57.h4 Rb5 58.Kg3 Ba1 59.Rc1 Ra5 60.Rc2 Kf8 
61.Kg4 Ra4 62.Re2 Bc3 63.Rh2 Ba5 64.Rc2 Bb6 65.Rc3 Kg7 66.Kg3 Rb4 67.Kg4 
Kf8 68.Rc8+ Kg7 69.Rc3 Ba7 70.Rd3 Ra4 71.Kg3 Re4 72.Ne5 Bb8 73.Kf3 Ra4 74.
Re3 Bxe5 75.Rxe5 Rb4 76.Re3 Ra4 77.Kg4 Ra1 78.Rh3 Rg1+ 79.Kf3 Rf1+ 80.Ke3 
Ra1 81.Rh2 Ra3+ 82.Ke4 Ra4+ 83.Kf3 Ra3+ 84.Kg4 Ra1 85.h5 Rg1+ 86.Kf3 gxh5 
87.Rxh5 Ra1 88.Rh6 Ra4 89.Rc6 Rb4 90.Kg4 Rb5 91.Rc7 Ra5 92.f5 Ra4+ 93.Kh5 
Ra5 94.f6+ Kg8 95.Kh6 Ra8 96.g6 fxg6 97.Kxg6 Rd8 98.Rg7+ Kf8 99.Rh7 Kg8 
100.f7+ Kf8 101.Rh8+ Ke7 102.Rxd8 1-0

[Event "39th WCh U20 Girls"]
[Site "Mexico City MEX"]
[Date "2023.09.30"]
[Round "10.4"]
[White "Obregon Garcia, Roxangel"]
[Black "Bommini, Mounika Akshaya"]
[Result "1/2-1/2"]
[WhiteElo "2171"]
[BlackElo "2096"]
[EventDate "2023.09.21"]
[PlyCount "82"]

1.e4 c5 2.Nf3 e6 3.d4 cxd4 4.Nxd4 Nf6 5.Nc3 Nc6 6.Qd3 d5 7.exd5 Nb4 8.Qg3 
Bc5 9.Ncb5 O-O 10.a3 Nbxd5 11.Bd3 Bb6 12.Bh6 Nh5 13.Qf3 Nhf6 14.Qg3 Nh5 
15.Qf3 gxh6 16.Qxh5 Qf6 17.Qg4+ Kh8 18.Qe4 Qg7 19.Nf3 Bd7 20.a4 a6 21.Na3 
Bc6 22.Qe5 f6 23.Qg3 Rg8 24.Nc4 Bc5 25.Qxg7+ Rxg7 26.Nh4 Nf4 27.Rg1 Rg4 
28.g3 Rag8 29.Rf1 Nxd3+ 30.cxd3 Rd4 31.Ke2 Rgd8 32.Rfd1 Kg7 33.b3 R4d7 34.
Rac1 Bb4 35.Ne3 Kf7 36.Rc4 Be7 37.Nhg2 Rd6 38.Rh4 Kg7 39.Rg4+ Kf7 40.Rh4 
Kg7 41.Rg4+ Kf7 1/2-1/2

[Event "39th WCh U20 Girls"]
[Site "Mexico City MEX"]
[Date "2023.09.30"]
[Round "10.5"]
[White "Mkrtchian, Mariam"]
[Black "Ciolacu, Alessia-Mihaela"]
[Result "1-0"]
[WhiteElo "2343"]
[BlackElo "2199"]
[EventDate "2023.09.21"]
[PlyCount "111"]

1.d4 Nf6 2.c4 e6 3.Nf3 Bb4+ 4.Nbd2 b6 5.a3 Bxd2+ 6.Bxd2 Bb7 7.Bg5 h6 8.Bh4
d6 9.e3 Nbd7 10.Nd2 O-O 11.f3 c5 12.Rc1 Re8 13.Be2 d5 14.O-O Rc8 15.dxc5 
bxc5 16.Bf2 a5 17.Nb1 Bc6 18.Nc3 Rb8 19.Rc2 Nb6 20.cxd5 exd5 21.Qc1 Nbd7 
22.Rd1 Rb3 23.Rdd2 Qe7 24.Bf1 Reb8 25.Ne2 g5 26.Ng3 Qe5 27.e4 dxe4 28.Bxc5
e3 29.Rd1 Nxc5 30.Rxc5 Bd5 31.Bc4 e2 32.Nxe2 Rxb2 33.Rcxd5 Nxd5 34.Rxd5 
Qc7 35.Bd3 Qxc1+ 36.Nxc1 Rc8 37.Ne2 a4 38.Bb5 Ra2 39.Rd4 Rc5 40.Rb4 Ra1+ 
41.Kf2 Rxa3 42.Bxa4 Rd3 43.Rb7 f6 44.Bb3+ Kf8 45.h3 h5 46.h4 Ke8 47.hxg5 
fxg5 48.Bf7+ Kf8 49.Bxh5 Re5 50.Rb2 Kg7 51.Ng3 Rd1 52.Rb7+ Kh6 53.Rb6+ Kh7
54.Ne4 Rh1 55.Rb7+ Kh8 56.Nf6 1-0

[Event "39th WCh U20 Girls"]
[Site "Mexico City MEX"]
[Date "2023.09.30"]
[Round "10.6"]
[White "Rakshitta, Ravi"]
[Black "Mikheeva, Galina"]
[Result "0-1"]
[WhiteElo "2272"]
[BlackElo "1969"]
[EventDate "2023.09.21"]
[PlyCount "86"]

1.e4 e5 2.Nf3 Nc6 3.Bb5 Nf6 4.O-O Nxe4 5.d4 Nd6 6.dxe5 Nxb5 7.a4 Nbd4 8.
Nxd4 Nxd4 9.Qxd4 d5 10.Qd3 c6 11.a5 Be6 12.Nc3 Qd7 13.Ne2 Be7 14.Qg3 h5 
15.Nd4 h4 16.Qd3 Rh5 17.Nxe6 Qxe6 18.f4 Qf5 19.Qe2 O-O-O 20.a6 b6 21.Be3 
Kc7 22.Rad1 Rhh8 23.Rd3 Rd7 24.c3 Kc8 25.b4 f6 26.Bd4 h3 27.g3 fxe5 28.
Bxe5 Re8 29.g4 Qh7 30.c4 Bxb4 31.cxd5 Bc5+ 32.Kh1 Rxd5 33.Rxd5 cxd5 34.f5 
Qh6 35.Re1 Qc6 36.Qf3 Bb4 37.f6 gxf6 38.Qf5+ Re6 39.Rf1 d4+ 40.Rf3 fxe5 
41.Kg1 d3 42.Kf2 d2 43.Ke2 Qc4+ 0-1

[Event "39th WCh U20 Girls"]
[Site "Mexico City MEX"]
[Date "2023.09.30"]
[Round "10.7"]
[White "Walter, Ema"]
[Black "Skaslien, Ingrid"]
[Result "1-0"]
[WhiteElo "2063"]
[BlackElo "1919"]
[EventDate "2023.09.21"]
[PlyCount "65"]

1.e4 e6 2.d4 d5 3.Nc3 Bb4 4.exd5 exd5 5.Bd3 Nc6 6.Nf3 Nge7 7.O-O Be6 8.h3 
h6 9.Ne2 O-O 10.c3 Bd6 11.Qc2 Qd7 12.Bf4 Rad8 13.Bxd6 Qxd6 14.Rae1 Ng6 15.
Ng3 Nce7 16.Ne5 Nxe5 17.dxe5 Qb6 18.Kh1 c5 19.f4 c4 20.Bh7+ Kh8 21.f5 Kxh7
22.fxe6+ Kh8 23.exf7 Qe6 24.Qf2 a5 25.Qf4 b5 26.Qg4 Qxg4 27.hxg4 g6 28.e6 
Rd6 29.Nf5 gxf5 30.gxf5 Nc6 31.f6 Rdd8 32.e7 Rxf7 33.exd8=Q+ 1-0

[Event "39th WCh U20 Girls"]
[Site "Mexico City MEX"]
[Date "2023.09.30"]
[Round "10.8"]
[White "Hryzlova, Sofiia"]
[Black "Moracchini, Margaux"]
[Result "1-0"]
[WhiteElo "2228"]
[BlackElo "1897"]
[EventDate "2023.09.21"]
[PlyCount "63"]

1.d4 d5 2.c4 dxc4 3.Nf3 Nf6 4.g3 e6 5.Bg2 Be7 6.Nc3 O-O 7.Ne5 c5 8.dxc5 
Qc7 9.Nxc4 Bxc5 10.O-O Bxf2+ 11.Rxf2 Qxc4 12.Rxf6 gxf6 13.Bh6 Nc6 14.Bxf8 
Kxf8 15.e3 Kg7 16.Ne4 e5 17.Qh5 Qe6 18.Nf2 Qf5 19.Qe2 a6 20.Rd1 Qe6 21.Ne4
f5 22.Nd6 e4 23.Bh3 Qg6 24.Ne8+ Kf8 25.Nc7 Rb8 26.Nd5 Ne5 27.Nf4 Qb6 28.
Kh1 Nf3 29.Bg2 Ne5 30.Qh5 Kg8 31.Qg5+ Ng6 32.Rd8+ 1-0

[Event "39th WCh U20 Girls"]
[Site "Mexico City MEX"]
[Date "2023.09.30"]
[Round "10.9"]
[White "Sultanbek, Zeinep"]
[Black "Demchenko, Svitlana"]
[Result "1-0"]
[WhiteElo "2022"]
[BlackElo "2169"]
[EventDate "2023.09.21"]
[PlyCount "159"]

1.Nf3 Nf6 2.g3 e6 3.Bg2 c5 4.O-O d5 5.d4 cxd4 6.Nxd4 e5 7.Nb3 Be6 8.Bg5 
Be7 9.c4 e4 10.cxd5 Bxd5 11.Nc3 Bc6 12.Qxd8+ Bxd8 13.Nd4 e3 14.Bxe3 Bxg2 
15.Kxg2 O-O 16.Rad1 Nbd7 17.Nf5 Bb6 18.Bxb6 Nxb6 19.Nd6 Nbd7 20.Nd5 b6 21.
Nxf6+ Nxf6 22.Rd3 Rfd8 23.Rc1 Ne8 24.Nxe8 Rxe8 25.Kf3 Re7 26.Rdc3 Rae8 27.
e3 g6 28.Rc8 Rxc8 29.Rxc8+ Kg7 30.e4 h5 31.Rc6 Rd7 32.Ke3 Rd1 33.Rc2 Kf6 
34.f4 Ke6 35.Rd2 Re1+ 36.Kd3 Rg1 37.Rf2 Rd1+ 38.Kc2 Re1 39.Kd3 Rd1+ 40.Kc4
Re1 41.Kd4 Rd1+ 42.Ke3 Re1+ 43.Re2 Rd1 44.Kf2 Rc1 45.Kg2 Rd1 46.Kh3 Rc1 
47.Kh4 Kf6 48.Rd2 Re1 49.e5+ Ke7 50.Kg5 Ke6 51.Rc2 Rh1 52.a4 Rb1 53.h4 Rg1
54.Rc3 Rg2 55.b3 Rg1 56.Kh6 Kd5 57.Kg7 Ke6 58.Rc6+ Ke7 59.Rc7+ Ke8 60.Rxf7
Rxg3 61.Rxa7 Rg4 62.Rb7 Rxh4 63.Kxg6 Rxf4 64.Rxb6 h4 65.Kg5 Re4 66.Kf5 Re3
67.Rh6 h3 68.Ke6 Kf8 69.b4 Kg7 70.Rh4 Kg6 71.b5 Kg5 72.Rh7 Kf4 73.Kd6 Rd3+
74.Kc6 Kxe5 75.a5 Rc3+ 76.Kb6 Kf5 77.a6 Kg6 78.Rh8 Kg7 79.Rh4 Ra3 80.a7 
1-0

[Event "39th WCh U20 Girls"]
[Site "Mexico City MEX"]
[Date "2023.09.30"]
[Round "10.10"]
[White "Goraj, Barbara"]
[Black "Diaz Charpentier, Kristel Meliss"]
[Result "1/2-1/2"]
[WhiteElo "2135"]
[BlackElo "1951"]
[EventDate "2023.09.21"]
[PlyCount "62"]

1.e4 c5 2.Nf3 Nc6 3.d4 cxd4 4.Nxd4 g6 5.c4 Bg7 6.Be3 Nf6 7.Nc3 O-O 8.Be2 
d6 9.O-O Bd7 10.Qd2 Nxd4 11.Bxd4 Bc6 12.f3 a5 13.b3 Nd7 14.Be3 Nc5 15.Rab1
Qb6 16.Rfc1 Rfc8 17.Rc2 h5 18.Qc1 Kh7 19.a3 Qd8 20.Bf1 a4 21.b4 Nb3 22.Qd1
Qh8 23.Nd5 Bxd5 24.Qxd5 Qe8 25.Qxb7 e6 26.Rf2 Be5 27.Qb5 Qe7 28.Rd1 Rcb8 
29.Qc6 Rc8 30.Qb5 Rcb8 31.Qc6 Rc8 1/2-1/2

[Event "39th WCh U20 Girls"]
[Site "Mexico City MEX"]
[Date "2023.09.30"]
[Round "10.11"]
[White "Mayorga Araya, Sofia"]
[Black "Castellanos Hernandez, Lhia Itzayana"]
[Result "0-1"]
[WhiteElo "1825"]
[BlackElo "1890"]
[EventDate "2023.09.21"]
[PlyCount "60"]

1.e4 e5 2.Nf3 Nc6 3.Bb5 a6 4.Ba4 f5 5.d3 fxe4 6.dxe4 Nf6 7.Qe2 Bb4+ 8.c3 
Bc5 9.Bg5 d6 10.b4 Ba7 11.Bb3 Qe7 12.Nbd2 Be6 13.h3 Bxb3 14.axb3 Qe6 15.b5
axb5 16.Qxb5 O-O 17.Qxb7 d5 18.Bxf6 Rfb8 19.Qxc7 gxf6 20.exd5 Qxd5 21.c4 
Qe6 22.c5 Bb6 23.Qxb8+ Rxb8 24.cxb6 e4 25.Nh2 Qd5 26.Ng4 Qd3 27.Nh6+ Kh8 
28.Nf5 e3 29.Nxe3 Nd4 30.O-O-O Qc3+ 0-1

[Event "39th WCh U20 Girls"]
[Site "Mexico City MEX"]
[Date "2023.09.30"]
[Round "10.12"]
[White "Getman, Tatyana"]
[Black "Sosovickova, Jana"]
[Result "1-0"]
[WhiteElo "2172"]
[BlackElo "2045"]
[EventDate "2023.09.21"]
[PlyCount "67"]

1.e4 e5 2.Nf3 Nf6 3.Nxe5 d6 4.Nf3 Nxe4 5.Nc3 Nxc3 6.dxc3 Qe7+ 7.Be3 Nc6 8.
Qd2 a6 9.O-O-O Be6 10.Ng5 h6 11.Nxe6 Qxe6 12.Kb1 O-O-O 13.g3 g5 14.h4 g4 
15.Bg2 Bg7 16.Qd3 Ne7 17.Rhe1 Be5 18.c4 Kb8 19.Qb3 c6 20.Rd3 Rd7 21.Qa4 h5
22.Rb3 Kc8 23.a3 Kd8 24.Rb6 Nc8 25.Rb4 f6 26.Qb3 Rhh7 27.Qd3 f5 28.Bg5+ 
Ke8 29.f4 Kf8 30.Qe2 Rhf7 31.fxe5 dxe5 32.Qxe5 Rd1+ 33.Ka2 Rxe1 34.Qh8# 
1-0

[Event "39th WCh U20 Girls"]
[Site "Mexico City MEX"]
[Date "2023.09.30"]
[Round "10.13"]
[White "Rodriguez Redondo, Adhara"]
[Black "Hernandez Bermudez, Manuela"]
[Result "1-0"]
[WhiteElo "2135"]
[BlackElo "1905"]
[EventDate "2023.09.21"]
[PlyCount "113"]

1.e4 c5 2.Nf3 d6 3.d4 cxd4 4.Nxd4 Nf6 5.Nc3 a6 6.h3 e5 7.Nb3 h5 8.Bg5 Be7 
9.Be2 h4 10.Qd2 Be6 11.O-O-O Nbd7 12.f3 b5 13.Be3 Rc8 14.Kb1 Qc7 15.Rhe1 
Nb6 16.Nc1 b4 17.Nd5 Nbxd5 18.exd5 Nxd5 19.Bxa6 Rb8 20.Qd3 Nxe3 21.Rxe3 
O-O 22.Bb5 d5 23.Ba4 Rfd8 24.Ree1 Bf6 25.Qf1 d4 26.Bb3 Bxb3 27.Nxb3 Rdc8 
28.Qd3 Ra8 29.Nc1 Qa5 30.Qb3 Rc5 31.Nd3 Rb5 32.f4 exf4 33.Nxf4 Rc8 34.Nd3 
Rc3 35.Re8+ Kh7 36.Qxf7 Rc7 37.Qg8+ Kh6 38.Re4 Ra7 39.Rg4 g5 40.Nc1 Rd5 
41.Rf1 Bg7 42.Qe6+ Kh7 43.Qe4+ Kg8 44.Qe8+ Kh7 45.Re4 Rd6 46.Qh5+ Rh6 47.
Qe2 Rd6 48.Re8 b3 49.Qe4+ Kh6 50.Re6+ Rxe6 51.Qxe6+ Kh7 52.Qxb3 Qe5 53.
Qd3+ Kh6 54.Rf5 Qe1 55.Qb5 Re7 56.Rxg5 Qd1 57.Qf5 1-0

[Event "39th WCh U20 Girls"]
[Site "Mexico City MEX"]
[Date "2023.09.30"]
[Round "10.14"]
[White "Zhang Xiao"]
[Black "Mukul Aldana, Daniela Maria"]
[Result "1-0"]
[WhiteElo "2128"]
[BlackElo "1798"]
[EventDate "2023.09.21"]
[PlyCount "72"]

1.d4 d5 2.c4 dxc4 3.Nf3 Nf6 4.e3 e6 5.Bxc4 c5 6.O-O a6 7.Bb3 b5 8.a4 b4 9.
Nbd2 Bb7 10.e4 cxd4 11.e5 Nd5 12.Nc4 Be7 13.Qxd4 O-O 14.Qg4 Kh8 15.Rd1 Nd7
16.Qh5 Nc5 17.Bc2 f5 18.exf6 Nxf6 19.Qh3 Qe8 20.Ng5 Qh5 21.Qxh5 Nxh5 22.
Nxh7 Rfd8 23.Be3 Nf6 24.Ne5 Rxd1+ 25.Rxd1 Be4 26.Nxf6 Bxf6 27.Bxe4 Nxe4 
28.f4 a5 29.g4 Rc8 30.g5 Nxg5 31.Ng6+ Kh7 32.fxg5 Bxb2 33.Nf4 e5 34.g6+ 
Kg8 35.Nd5 Re8 36.Bc5 Kh8 1-0

[Event "39th WCh U20 Girls"]
[Site "Mexico City MEX"]
[Date "2023.09.30"]
[Round "10.15"]
[White "Vanduyfhuys, Daria"]
[Black "Destic, Elena"]
[Result "1-0"]
[WhiteElo "2088"]
[BlackElo "1904"]
[EventDate "2023.09.21"]
[PlyCount "121"]

1.d4 d5 2.c4 c6 3.Nf3 Nf6 4.Nc3 e6 5.Bg5 Be7 6.e3 Nbd7 7.Rc1 O-O 8.Qc2 h6 
9.Bh4 dxc4 10.Bxc4 b5 11.Be2 Bb7 12.O-O Rc8 13.Rfd1 Nd5 14.Bxe7 Qxe7 15.
Ne4 Nb4 16.Qb1 Na6 17.Ne5 Nxe5 18.dxe5 Nb4 19.Nd6 Rcd8 20.Qe4 Nd5 21.Bd3 
g6 22.Qg4 Kg7 23.Qg3 Ba8 24.f4 Kh7 25.Be4 f5 26.Bxd5 exd5 27.h4 Rg8 28.h5 
Rxd6 29.exd6 Qxd6 30.hxg6+ Rxg6 31.Qh3 Qe6 32.Rd4 Rg4 33.Kf2 Qg6 34.b4 Bb7
35.a3 a6 36.Rh1 Bc8 37.Rh2 Kg7 38.Qf3 h5 39.Rd1 h4 40.Qe2 Be6 41.Qb2+ Kf7 
42.Qd4 Qf6 43.Qxf6+ Kxf6 44.Rdh1 d4 45.Rxh4 dxe3+ 46.Kxe3 Rxg2 47.Rh7 Bd5 
48.R1h6+ Rg6 49.Rxg6+ Kxg6 50.Ra7 Kh5 51.Rxa6 Kg4 52.Ra7 Kh5 53.Rg7 Be4 
54.Rg5+ Kh6 55.Kd4 Bb1 56.Ke5 Be4 57.Kd6 Kh7 58.Ke7 Kh6 59.Kf7 Bd5+ 60.Kf6
Be4 61.Rxf5 1-0

[Event "39th WCh U20 Girls"]
[Site "Mexico City MEX"]
[Date "2023.09.30"]
[Round "10.16"]
[White "Tomasi, Elise"]
[Black "Ter-Avetisjana, Agnesa Stepania"]
[Result "0-1"]
[WhiteElo "2021"]
[BlackElo "2080"]
[EventDate "2023.09.21"]
[PlyCount "78"]

1.Nf3 d5 2.g3 c6 3.Bg2 Nf6 4.O-O Bf5 5.d4 e6 6.c4 Be7 7.Nc3 h6 8.Nd2 O-O 
9.b3 Qa5 10.Bb2 Ba3 11.Qc1 Bxb2 12.Qxb2 Rd8 13.Rad1 Nbd7 14.f3 e5 15.dxe5 
Nxe5 16.Nxd5 cxd5 17.Qxe5 Bc2 18.Ne4 Bxd1 19.Rxd1 Nxe4 20.fxe4 Qb6+ 21.c5 
Qxc5+ 22.Kh1 Qc2 23.Rf1 d4 24.Qf4 Rd7 25.Qg4 Re7 26.h4 Rd8 27.Rf6 d3 28.
exd3 Rxd3 29.Rf1 Rd2 30.Bf3 Rf2 31.Rxf2 Qxf2 32.Qc8+ Kh7 33.Qf5+ g6 34.Qf4
Rd7 35.e5 Qe1+ 36.Kh2 Qd2+ 37.Qxd2 Rxd2+ 38.Kh3 b6 39.a4 Rd3 0-1

[Event "39th WCh U20 Girls"]
[Site "Mexico City MEX"]
[Date "2023.09.30"]
[Round "10.17"]
[White "Djidjeli, Sarah"]
[Black "Hernandez Diaz, Paula Sofia"]
[Result "1-0"]
[WhiteElo "2058"]
[BlackElo "1796"]
[EventDate "2023.09.21"]
[PlyCount "123"]

1.e4 c5 2.Nf3 d6 3.Bb5+ Bd7 4.Bxd7+ Qxd7 5.c3 Nc6 6.O-O d5 7.exd5 Qxd5 8.
d4 e6 9.Be3 cxd4 10.Nxd4 Nf6 11.Qe2 a6 12.Rd1 Be7 13.Nd2 O-O 14.N2f3 Rad8 
15.h3 Nxd4 16.Bxd4 Qc6 17.Ne5 Qc7 18.c4 Bc5 19.Bc3 Rxd1+ 20.Rxd1 Rd8 21.
Rxd8+ Qxd8 22.Qf3 Qc7 23.b4 Bf8 24.Qd3 Qd6 25.Qf3 Qc7 26.a3 a5 27.bxa5 Ne8
28.a6 bxa6 29.Qa8 Nd6 30.Qxa6 Ne4 31.Bd4 Qd6 32.Qxd6 Bxd6 33.a4 f6 34.Nd7 
Bc7 35.Nb6 Nd6 36.a5 Bxb6 37.axb6 Nb7 38.c5 Nd8 39.Kf1 Kf7 40.Ke2 e5 41.
Be3 Ke6 42.Kd3 Kd5 43.Kc3 h6 44.Kb4 Kc6 45.Ka5 Kb7 46.Kb5 Nc6 47.g3 h5 48.
f4 exf4 49.Bxf4 g6 50.Kc4 g5 51.Bd6 f5 52.Kd5 g4 53.h4 f4 54.Bxf4 Nb4+ 55.
Ke6 Kc6 56.Kf5 Nd5 57.Bd6 Ne3+ 58.Kg5 Nf1 59.Kxh5 Nh2 60.Kg5 Kb7 61.h5 Kc6
62.h6 1-0

[Event "39th WCh U20 Girls"]
[Site "Mexico City MEX"]
[Date "2023.09.30"]
[Round "10.18"]
[White "Mogollon Tobar, Nicolle Julieth"]
[Black "Hernandez Ortega, Carolina"]
[Result "1-0"]
[WhiteElo "1943"]
[BlackElo "1729"]
[EventDate "2023.09.21"]
[PlyCount "81"]

1.e4 e5 2.Nf3 Nc6 3.c3 Nf6 4.d4 exd4 5.e5 Nd5 6.cxd4 Bb4+ 7.Bd2 O-O 8.Bxb4
Ncxb4 9.Qb3 c6 10.a3 Na6 11.Bxa6 bxa6 12.Nbd2 a5 13.O-O Ba6 14.Rfe1 Rb8 
15.Qc2 Qb6 16.Rab1 Qb5 17.Qf5 Qd3 18.Ne4 h6 19.Rbd1 Qb5 20.Nd6 Qxb2 21.
Qxd7 Nc3 22.Rd2 Qb6 23.e6 fxe6 24.Qxe6+ Kh7 25.Nf7 Bc8 26.Qc4 Qb5 27.N7g5+
hxg5 28.Qxc3 Bf5 29.Nxg5+ Kg8 30.h4 Qd5 31.Re5 Rb1+ 32.Kh2 Qd7 33.Qc4+ Kh8
34.Rxa5 Bg6 35.Re5 Qg4 36.g3 Rd1 37.Qe2 Qxe2 38.Rexe2 Rxd2 39.Rxd2 Rd8 40.
g4 Rd5 41.Rb2 1-0

[Event "39th WCh U20 Girls"]
[Site "Mexico City MEX"]
[Date "2023.09.30"]
[Round "10.19"]
[White "Maione, Melissa"]
[Black "Montano Vicente, Guadalupe"]
[Result "1/2-1/2"]
[WhiteElo "1931"]
[BlackElo "1727"]
[EventDate "2023.09.21"]
[PlyCount "81"]

1.e4 c5 2.Nf3 d6 3.d4 cxd4 4.Nxd4 Nf6 5.Nc3 a6 6.Bd3 e5 7.Nde2 Be6 8.O-O 
Be7 9.Ng3 O-O 10.Nd5 Nc6 11.f4 exf4 12.Bxf4 h6 13.Qd2 Ne5 14.Be2 Nh7 15.
Nf5 Bxf5 16.exf5 Nf6 17.b3 Nxd5 18.Qxd5 b5 19.Rad1 Qb6+ 20.Kh1 Rac8 21.Bd3
Bf6 22.Be4 Rfd8 23.Rd2 Rc5 24.Qb7 Qxb7 25.Bxb7 Rb8 26.Be4 Be7 27.Be3 Rc7 
28.h3 a5 29.f6 Bxf6 30.Bxh6 Be7 31.Bf4 a4 32.Bd5 Bf6 33.Rb1 a3 34.Re1 b4 
35.Re4 g5 36.Be3 Rb5 37.Bc4 Nxc4 38.bxc4 Re5 39.Rxe5 Bxe5 40.Bxg5 Rxc4 41.
Kg1 1/2-1/2

[Event "39th WCh U20 Girls"]
[Site "Mexico City MEX"]
[Date "2023.09.30"]
[Round "10.20"]
[White "Benito De Leo, Estefania"]
[Black "Lopez Rayo, Isabella"]
[Result "0-1"]
[WhiteElo "1712"]
[BlackElo "1876"]
[EventDate "2023.09.21"]
[PlyCount "68"]

1.e4 c5 2.d4 cxd4 3.c3 Nf6 4.e5 Nd5 5.Nf3 e6 6.cxd4 d6 7.Nc3 Nxc3 8.bxc3 
Qc7 9.Qb3 Nd7 10.Bb5 a6 11.Bxd7+ Bxd7 12.Ba3 Bc6 13.exd6 Bxd6 14.Bxd6 Qxd6
15.O-O Bxf3 16.gxf3 O-O 17.Qxb7 f5 18.d5 exd5 19.Rad1 Rad8 20.Rd4 Qg6+ 21.
Kh1 Qh5 22.Rd3 Rf7 23.Qxa6 Rf6 24.Qa5 Rdd6 25.Re1 h6 26.Qa4 Qh3 27.Rg1 Rg6
28.Qd1 f4 29.Qf1 Rxg1+ 30.Qxg1 Re6 31.c4 dxc4 32.Ra3 Kh7 33.Qb1+ Rg6 34.
Qxg6+ Kxg6 0-1

[Event "39th WCh U20 Girls"]
[Site "Mexico City MEX"]
[Date "2023.09.30"]
[Round "10.21"]
[White "Castillo Beitia, Ashley Alexandra"]
[Black "Mendoza Recio, Josselyne"]
[Result "1-0"]
[WhiteElo "1870"]
[BlackElo "1573"]
[EventDate "2023.09.21"]
[PlyCount "75"]

1.d4 d5 2.c4 e6 3.Nc3 Bb4 4.Qa4+ Nc6 5.Nf3 Nf6 6.Bg5 h6 7.Bxf6 Qxf6 8.e3 
Bd7 9.Qb3 O-O 10.cxd5 exd5 11.Qxd5 Rad8 12.Qb3 a6 13.a3 Bxc3+ 14.bxc3 b5 
15.Be2 Bg4 16.a4 b4 17.cxb4 Rb8 18.b5 axb5 19.axb5 Ne7 20.Ne5 Be6 21.Bc4 
Rbd8 22.Bxe6 fxe6 23.O-O Nd5 24.Rac1 Qg5 25.Qd3 Rf6 26.Qe4 h5 27.Rc6 Qh6 
28.f4 g6 29.Nf3 Re8 30.Ng5 Qg7 31.Rxe6 Ne7 32.Rc1 Kh8 33.Rxc7 Rxe6 34.Qxe6
h4 35.b6 Qf8 36.b7 h3 37.Qxh3+ Kg7 38.Ne6+ 1-0

[Event "39th WCh U20 Girls"]
[Site "Mexico City MEX"]
[Date "2023.09.30"]
[Round "10.22"]
[White "Middleton, Jody"]
[Black "Mikic, Ivana"]
[Result "0-1"]
[WhiteElo "1699"]
[BlackElo "1836"]
[EventDate "2023.09.21"]
[PlyCount "112"]

1.d4 Nf6 2.c4 e6 3.Nc3 Bb4 4.e3 O-O 5.Ne2 d5 6.a3 Bxc3+ 7.Nxc3 b6 8.cxd5 
exd5 9.Be2 Bf5 10.g4 Be6 11.h4 Ne4 12.Nxe4 dxe4 13.f4 exf3 14.Bxf3 Bd5 15.
Rh3 Nc6 16.Kf2 Re8 17.Qh1 Bxf3 18.Qxf3 Na5 19.b4 Nc4 20.Ra2 a5 21.b5 Nd6 
22.a4 Ne4+ 23.Kg2 Qd5 24.Rc2 Rac8 25.Rh1 Qb3 26.Rc6 Qa2+ 27.Kg1 Qxa4 28.
Rh2 Qxb5 29.Rhc2 Qb4 30.Kf1 Qe7 31.Qh3 Qd7 32.Qg2 Re6 33.d5 Rxc6 34.Qxe4 
Rxc2 35.Qxc2 Qxd5 36.e4 Qe6 37.Qg2 Qc4+ 38.Kg1 Qxc1+ 39.Kh2 Qf4+ 40.Kh3 
Re8 41.e5 Qe3+ 42.Kh2 Qxe5+ 43.Kh3 Qe3+ 44.Kh2 Qe2 45.Kh1 Qxg2+ 46.Kxg2 a4
47.g5 a3 48.g6 a2 49.h5 a1=Q 50.h6 Qa2+ 51.Kf3 Qe2+ 52.Kg3 Re3+ 53.Kh4 
Qh2+ 54.Kg4 Qg2+ 55.Kf4 Re4+ 56.Kf5 hxg6# 0-1

[Event "39th WCh U20 Girls"]
[Site "Mexico City MEX"]
[Date "2023.09.30"]
[Round "10.23"]
[White "Viana, Valeria"]
[Black "Yedigarian, Asya"]
[Result "0-1"]
[WhiteElo "1620"]
[BlackElo "1786"]
[EventDate "2023.09.21"]
[PlyCount "200"]

1.e4 c6 2.d4 d5 3.Nc3 dxe4 4.Nxe4 Nf6 5.Nxf6+ exf6 6.Bc4 Bd6 7.Nf3 O-O 8.
O-O Bg4 9.h3 Bh5 10.c3 Nd7 11.Be3 Nb6 12.Be2 Nd5 13.Nd2 Bg6 14.Nc4 Bb8 15.
Bf3 Nxe3 16.Nxe3 f5 17.Bh5 f4 18.Nc4 Qd5 19.Bxg6 hxg6 20.Nd2 Bc7 21.Qb3 
Qd7 22.Rfe1 Rfe8 23.Nf3 b6 24.Qc4 b5 25.Qb3 Qf5 26.a4 a6 27.Rad1 Rxe1+ 28.
Rxe1 Rb8 29.axb5 axb5 30.Qb4 Qd5 31.Qe7 Bd6 32.Qh4 Qh5 33.Qg5 Ra8 34.Kf1 
b4 35.Qxh5 gxh5 36.Nd2 bxc3 37.bxc3 Kf8 38.Nc4 Bc7 39.Ne5 Bxe5 40.Rxe5 g6 
41.Rc5 Ra6 42.Ke2 Ke7 43.Kf3 Kd6 44.Kxf4 Ra2 45.Ke3 Rc2 46.h4 Rc1 47.g3 
Rc2 48.f3 Rh2 49.Kf4 f6 50.Ra5 Rc2 51.Rc5 Rh2 52.Rc4 Rh1 53.Ra4 Rc1 54.Ra3
Ke6 55.Ke3 Rc2 56.Kf4 Rc1 57.g4 hxg4 58.Kxg4 Rg1+ 59.Kf4 Rc1 60.Kg3 Rc2 
61.Rb3 Rc1 62.Ra3 Rc2 63.Kh3 Rc1 64.Kg2 Rc2+ 65.Kg3 Rc1 66.Kf4 Rh1 67.Ra6 
Kd5 68.Ra5+ Kd6 69.Kg4 Rg1+ 70.Kf4 Rh1 71.Kg3 Rg1+ 72.Kh2 Rc1 73.Rc5 Rc2+ 
74.Kg3 Rc1 75.Kg2 Rc2+ 76.Kg3 Rc1 77.f4 Rg1+ 78.Kf3 Rh1 79.f5 Rxh4 80.fxg6
Rh6 81.g7 Rg6 82.Rf5 Ke6 83.Rc5 Kd6 84.Rf5 Ke6 85.Kf4 Rxg7 86.Rh5 Rg1 87.
Rc5 Kd6 88.Rh5 Rc1 89.Rc5 Re1 90.Kf5 Rf1+ 91.Kg6 Rf3 92.Kh5 Rg3 93.Rf5 
Rxc3 94.Rxf6+ Kd5 95.Kg4 Rc1 96.Rf4 Rd1 97.Rf2 Kxd4 98.Rc2 c5 99.Kf3 Re1 
100.Kf2 Re7 0-1

[Event "39th WCh U20 Girls"]
[Site "Mexico City MEX"]
[Date "2023.09.30"]
[Round "10.24"]
[White "Brito Carrascal, Isabela"]
[Black "Ivan, Reka Gyongyver"]
[Result "1-0"]
[WhiteElo "1708"]
[BlackElo "1857"]
[EventDate "2023.09.21"]
[PlyCount "75"]

1.e4 c6 2.d4 d5 3.Nc3 dxe4 4.Nxe4 Nf6 5.Nxf6+ exf6 6.c3 Bd6 7.Bd3 O-O 8.
Qc2 Re8+ 9.Ne2 h5 10.Be3 Nd7 11.O-O-O Nf8 12.Kb1 b5 13.d5 b4 14.dxc6 bxc3 
15.Nxc3 Qa5 16.Qa4 Bb4 17.Qxa5 Bxa5 18.Nb5 Bg4 19.Rc1 a6 20.Nd4 Ng6 21.h3 
Be6 22.Bxg6 fxg6 23.Nxe6 Rxe6 24.a3 Rc8 25.b4 Bd8 26.Rhd1 Be7 27.c7 g5 28.
Rd7 Kf8 29.Bc5 Bxc5 30.Rxc5 Re7 31.Rd8+ Re8 32.Rxc8 Rxc8 33.Rc6 h4 34.a4 
Ke7 35.Rxa6 Rxc7 36.b5 Rb7 37.Rc6 Kd7 38.Kb2 1-0

[Event "39th WCh U20 Girls"]
[Site "Mexico City MEX"]
[Date "2023.09.30"]
[Round "10.25"]
[White "Milner, Romi"]
[Black "Faganel, Kaja"]
[Result "0-1"]
[WhiteElo "1856"]
[BlackElo "1615"]
[EventDate "2023.09.21"]
[PlyCount "100"]

1.d4 Nf6 2.Bf4 c5 3.dxc5 Qa5+ 4.Qd2 Qxc5 5.Nc3 d6 6.Nf3 Bf5 7.e3 g6 8.Bb5+
Bd7 9.Bxd7+ Nbxd7 10.h3 Bg7 11.Nd4 e5 12.Nb3 Qc6 13.Bg3 Qxg2 14.Rh2 Qc6 
15.O-O-O Bf8 16.Na5 Qa6 17.Nb3 Rc8 18.f4 Be7 19.Rg2 O-O 20.Rdg1 Rfe8 21.f5
Qc6 22.fxg6 hxg6 23.Bf2 Kg7 24.e4 Nxe4 25.Qd3 Ndf6 26.Bh4 d5 27.Bxf6+ Bxf6
28.Nxd5 Bg5+ 29.Kb1 Qc4 30.Qxc4 Rxc4 31.Rxg5 Nxg5 32.Rxg5 Rh4 33.Rg3 e4 
34.Ne3 Reh8 35.Nf5+ Kf6 36.Nxh4 Rxh4 37.Re3 Ke5 38.Nd2 Kd4 39.Re2 f5 40.
Rh2 f4 41.c3+ Kd3 42.Kc1 g5 43.Kd1 g4 44.Nf1 g3 45.Rg2 Rxh3 46.Rd2+ Kc4 
47.Re2 e3 48.Ke1 Rh1 49.Rg2 Kd3 50.Re2 Rg1 0-1